Central Library OPAC University of Rajshahi

The Renaissance / (Record no. 55552)

MARC details
000 -LEADER
fixed length control field 00763nam a2200241 a 4500
001 - CONTROL NUMBER
control field 55552
003 - CONTROL NUMBER IDENTIFIER
rucl marc code BD-RjUL
005 - DATE AND TIME OF LATEST TRANSACTION
control field 20211209080300.0
008 - FIXED-LENGTH DATA ELEMENTS--GENERAL INFORMATION
fixed length control field 161120r19511919enk||||| |||| 00| 0 eng d
035 ## - SYSTEM CONTROL NUMBER
System control number (BD-RjUL)55675
040 ## - CATALOGING SOURCE
Original cataloging agency BD-RjUL
Language of cataloging eng
Transcribing agency BD-RjUL
041 ## - LANGUAGE CODE
Language code of text/sound track or separate title eng
082 ## - DEWEY DECIMAL CLASSIFICATION NUMBER
Edition number 23
Classification number 940.21
Author mark and year SIR 1951
100 1# - MAIN ENTRY--PERSONAL NAME
Personal name Sichel, Edith
9 (RLIN) 165461
245 14 - TITLE STATEMENT
Title The Renaissance /
Statement of responsibility, etc. Edith Sichel
260 ## - PUBLICATION, DISTRIBUTION, ETC. (IMPRINT)
Place of publication, distribution, etc. London :
Name of publisher, distributor, etc. Oxford University Press,
Date of publication, distribution, etc. 1914 [ Reprint 1951]
300 ## - PHYSICAL DESCRIPTION
Pagination 256 p. ;
Size 19 cm
490 ## - SERIES STATEMENT
Series statement Home university library of modern knowledge,
Volume/sequential designation no. 93
500 ## - GENERAL NOTE
General note Includes Index
650 ## - SUBJECT ADDED ENTRY--TOPICAL TERM
Topical term or geographic name as entry element Renaissance
General subdivision Civilization
Geographic subdivision Europe
9 (RLIN) 165462
Chronological subdivision 1862-1914
830 ## - SERIES ADDED ENTRY--UNIFORM TITLE
Uniform title Home university library of modern knowledge,
Volume number/sequential designation no 93
942 ## - ADDED ENTRY ELEMENTS (KOHA)
Source of classification or shelving scheme Dewey Decimal Classification
Koha item type Books
Holdings
Lost status Source of classification or shelving scheme Damaged status Not for loan Collection code Permanent Location Current Location Shelving location Date acquired Source of acquisition Cost, normal purchase price Total Checkouts Full call number Date last seen Copy number Koha item type
  Dewey Decimal Classification     Non-fiction Central Library, University of Rajshahi Central Library, University of Rajshahi   03/03/1955 O.U.P 3.60   940.21 SIR 1951 20/11/2016 C-2 Books